নজরুল রচনা-সম্ভার / (Record no. 76502)
[ view plain ]
| 000 -LEADER | |
|---|---|
| fixed length control field | 01361nam a2200289 a 4500 |
| 001 - CONTROL NUMBER | |
| control field | 76502 |
| 003 - CONTROL NUMBER IDENTIFIER | |
| rucl marc code | BD-RjUL |
| 005 - DATE AND TIME OF LATEST TRANSACTION | |
| control field | 20211209082843.0 |
| 008 - FIXED-LENGTH DATA ELEMENTS--GENERAL INFORMATION | |
| fixed length control field | 191212m19721970ii ||||| |||| 001 0dben d |
| 020 ## - INTERNATIONAL STANDARD BOOK NUMBER | |
| Terms of availability | : IRs. 100.00 (V-1) |
| Terms of availability | : IRs. 15.00 (V-3) |
| 035 ## - SYSTEM CONTROL NUMBER | |
| System control number | (BD-RjUL)76725 |
| 040 ## - CATALOGING SOURCE | |
| Original cataloging agency | BD-RjUL |
| Language of cataloging | ben/eng |
| Transcribing agency | BD-RjUL |
| Modifying agency | BD-RjUL |
| 041 ## - LANGUAGE CODE | |
| Language code of text/sound track or separate title | ben |
| 082 ## - DEWEY DECIMAL CLASSIFICATION NUMBER | |
| Edition number | 23 |
| Classification number | 891.4408 |
| Author mark and year | ISN V-1-7 1970-1972 |
| 100 1# - MAIN ENTRY--PERSONAL NAME | |
| Personal name | ইসলাম, কাজী নজরুল |
| 9 (RLIN) | 236392 |
| 245 10 - TITLE STATEMENT | |
| Title | নজরুল রচনা-সম্ভার / |
| Statement of responsibility, etc. | কাজী নজরুল ইসলাম ; সম্পাদনা: আবদুল আজীজ আল-আমান |
| 260 ## - PUBLICATION, DISTRIBUTION, ETC. (IMPRINT) | |
| Place of publication, distribution, etc. | কলকাতা : |
| Name of publisher, distributor, etc. | হরফ প্রকাশনী, |
| Date of publication, distribution, etc. | ১৯৭০-১৯৭২ |
| 300 ## - PHYSICAL DESCRIPTION | |
| Pagination | খন্ড : |
| Illustrations | চিএ . ; |
| Size | ২২ সেমি. |
| 505 0# - FORMATTED CONTENTS NOTE | |
| Formatted contents note | খন্ড১ -- খন্ড ৩ -- খন্ড ৪ -- |
| 600 ## - SUBJECT ADDED ENTRY--PERSONAL NAME | |
| Personal name | ইসলাম, কাজী নজরুল, |
| Dates associated with a name | ১৮৯৯-১৯৭৬ |
| General subdivision | রচনাবলী |
| Personal name | Islam,Qazi Nazrul, |
| Dates associated with a name | 1899-1976 |
| General subdivision | Collected Works |
| 650 ## - SUBJECT ADDED ENTRY--TOPICAL TERM | |
| Topical term or geographic name as entry element | বাংলা সাহিত্য |
| General subdivision | রচনাবলী |
| 9 (RLIN) | 236369 |
| Topical term or geographic name as entry element | Bengali literature |
| General subdivision | Collected Works |
| 9 (RLIN) | 236370 |
| 700 ## - ADDED ENTRY--PERSONAL NAME | |
| Personal name | আল-আমান, আবদুল আজীজ, সম্পাদক |
| 942 ## - ADDED ENTRY ELEMENTS (KOHA) | |
| Source of classification or shelving scheme | Dewey Decimal Classification |
| Koha item type | Books |
| Lost status | Source of classification or shelving scheme | Damaged status | Not for loan | Collection code | Permanent Location | Current Location | Shelving location | Date acquired | Source of acquisition | Cost, normal purchase price | Total Checkouts | Full call number | Date last seen | Copy number | Koha item type |
|---|---|---|---|---|---|---|---|---|---|---|---|---|---|---|---|
| Dewey Decimal Classification | Fiction | Central Library, University of Rajshahi | Central Library, University of Rajshahi | 08/10/1974 | Jonathan and wren Co. , London | 15.00 | B 891.4408 ISN V-1 1970 | 12/12/2019 | C-2 | Books | |||||
| Dewey Decimal Classification | Fiction | Central Library, University of Rajshahi | Central Library, University of Rajshahi | 08/10/1974 | Jonathan and wren Co. , London | 15.00 | B 891.4408 ISN V-3 1970 | 12/12/2019 | C-2 | Books | |||||
| Dewey Decimal Classification | Fiction | Central Library, University of Rajshahi | Central Library, University of Rajshahi | 21/08/1973 | Indian High Commission, Dacca, | B 891.4408 ISN V-4 1972 | 12/12/2019 | C-2 | Books |